| 000 | 00000nam##2200000za#4500 |
| 001 | 9.647513 |
| 003 | CaOODSP |
| 005 | 20200330131046 |
| 007 | ta |
| 008 | 150407|2000||||xxc||||| f|0| 0 eng|d |
| 020 | |a0-662-28288-4 |
| 040 | |aCaOODSP|beng |
| 043 | |an-cn--- |
| 086 | 1 |aH39-517/3-1999E |
| 110 | 1 |aCanada.|bHealth Canada. |bHealth Promotion and Programs Branch. |
| 245 | 14|aThe 5-minute guide to better communication : |bdoctor's guide - it helps to talk |
| 260 | |aOttawa - Ontario : |bHealth Canada. |c2000. |
| 563 | |aPamphlet |
| 590 | |a00-42|b2000-10-20 |
| 690 | 07|aHealth care|2gcpds |
| 690 | 07|aHealth promotion|2gcpds |
| 775 | 08|tCinq minutes pour mieux communiquer : |w(CaOODSP)9.680931 |
| 776 | 0#|tIt helps to talk : |w(CaOODSP)9.695848 |